| 000 | 00534nam a2200193Ia 4500 | ||
|---|---|---|---|
| 003 | LK-CoDNM | ||
| 005 | 20241127102414.0 | ||
| 008 | 010623t xxu||||| |||| 00| 1 sin d | ||
| 040 |
_aLK-CoDNM _dLK-CoDNM _eLK-CoDNM |
||
| 041 | _asin | ||
| 080 |
_a294.3 _bEPA |
||
| 245 | _aප්රශ්නෝත්තර සංග්රහ-1878 | ||
| 246 | _aPrashnooththara Sangraha | ||
| 260 |
_aකොළඹ _bඑෆ්. කුරේ _c1878 |
||
| 300 | _b120p. ; 17 cm | ||
| 650 | _a1878 | ||
| 650 | _aQuestionary | ||
| 942 | _cBK | ||
| 999 |
_c139522 _d139522 |
||